000 00303nam a2200133Ia 4500
008 191201s2005 xx 000 0 und d
100 _aGupta, S P
245 0 _aBusiness Statistics
250 _a14th
260 _c2005
_bSultan Chand
_aN.Delhi
300 _a712
650 _aMBA
942 _2ddc
_cBB
_0144
999 _c7231
_d7231